000 00917nam a22002537a 4500
999 _c20449
_d20449
005 20190725093902.0
008 190311b xxu||||| |||| 00| 0 spa d
040 _aCO-BoIAVH
_cCO-BoIAVH
041 _aspa
044 _ack
090 _aFG
_b0345
110 _aGobernación de Antioquia
245 1 0 _aProtocolo de unidad de acción minero ambiental de Antioquia
260 _aColombia:
_bGobernación de Antioquia,
_c2012.
300 _a10 páginas
_c22x24cm
650 0 _aLey de Mineria
650 0 _aImpacto ambiental de la minería
_zColombia
710 _aCorporación Autónoma Regional de Antioquia
710 _aSecretaría del Medio Ambiente de Medellín.
710 _aCorporación Autónoma Regional Rionegro-Nare. CORNARE
710 _aCorpourabá
710 _aÁrea Metropolitana del Valle de Aburrá :
_cMedellín
942 _2z
_cFolleto